Harry Potter Characters - Statistics

General Stats
  • This quiz has been taken 8 times
  • The average score is 7 of 12
Answer Stats
Picture Answer % Correct
Harry Potter
100%
Rubeus Hagrid
100%
Lord Voldemort
88%
Hermione Granger
75%
Garrick Ollivander
63%
Minerva McGonagall
63%
Petunia Dursley
63%
Fred Weasley
50%
Oliver Wood
38%
Quirinus Quirrell
38%
Vincent Crabbe
38%
Griphook
25%
No matching quizzes found
Score Distribution
Percent of People with Each Score
Percentile by Number Answered
Your Score History
You have not taken this quiz